| 000 | 00379 a2200157 4500 | ||
|---|---|---|---|
| 003 | OSt | ||
| 005 | 20221212172728.0 | ||
| 008 | 221212b ||||| |||| 00| 0 eng d | ||
| 040 | _cMU | ||
| 082 | _2SHA | ||
| 100 | _aSHARMA, SHRI RAM | ||
| 245 | _a108 UPANISHADS SADHNA KHAND | ||
| 260 |
_bBRIJBHOOMI BOOKS AND HANDICRAFTS _c2021 _aMATHURA |
||
| 300 | _a360 | ||
| 942 |
_2ddc _cBK |
||
| 999 |
_c215280 _d215280 |
||